Bats and construction (Record no. 70471)
[ view plain ]
| 000 -LEADER | |
|---|---|
| fixed length control field | 00884cam a2200205 4500 |
| 001 - CONTROL NUMBER | |
| control field | WB3821-04 |
| 008 - FIXED-LENGTH DATA ELEMENTS--GENERAL INFORMATION | |
| fixed length control field | 020612n2002 000 0 eng u |
| 035 ## - SYSTEM CONTROL NUMBER | |
| System control number | (Sirsi) u118390 |
| 245 ## - TITLE STATEMENT | |
| Title | Bats and construction |
| 260 ## - PUBLICATION, DISTRIBUTION, ETC. | |
| Date of publication, distribution, etc. | 2002 |
| 490 ## - SERIES STATEMENT | |
| Series statement | CSM |
| -- | Chartered Surveyor Monthly |
| Volume/sequential designation | June 2002, 6(1) |
| 520 ## - SUMMARY, ETC. | |
| Summary, etc. | New report from RICS Foundation by Peter Fenn alerts UK construction professionals that they are in danger of prosecution by not checking for bats before beginning works. Greater awareness of bat-related issues is needed. Summary of report is available at http://www.rics-foundation.org/publish/fibredetails.jsp?ID=1530 |
| 590 ## - LOCAL NOTE (RLIN) | |
| Local note | WB |
| 650 ## - SUBJECT ADDED ENTRY--TOPICAL TERM | |
| Topical term or geographic name entry element | BATS |
| 650 ## - SUBJECT ADDED ENTRY--TOPICAL TERM | |
| Topical term or geographic name entry element | EC HABITATS AND SPECIES DIRECTIVE 1992 |
| 650 ## - SUBJECT ADDED ENTRY--TOPICAL TERM | |
| Topical term or geographic name entry element | WILDLIFE AND COUNTRYSIDE ACT 1981 |
| 650 ## - SUBJECT ADDED ENTRY--TOPICAL TERM | |
| Topical term or geographic name entry element | ABOUT RICS-RELATED ORGANISATIONS-RICS FOUNDATION |
| 690 ## - LOCAL SUBJECT ADDED ENTRY--TOPICAL TERM (OCLC, RLIN) | |
| Topical term or geographic name as entry element | BUILT ENVIRONMENT |
| 942 ## - ADDED ENTRY ELEMENTS (KOHA) | |
| Suppress in OPAC | 0 |
| Withdrawn status | Lost status | Source of classification or shelving scheme | Damaged status | Not for loan | Home library | Current library | Shelving location | Date acquired | Total Checkouts | Full call number | Barcode | Date last seen | Copy number | Price effective from | Koha item type |
|---|---|---|---|---|---|---|---|---|---|---|---|---|---|---|---|
| Dewey Decimal Classification | London | London | News article | 12/06/2002 | WB3821-04 | 118390-1001 | 06/08/2019 | 1 | 06/08/2019 | News article |